000 00608nam a2200217Ia 4500
005 20241216010732.0
008 181213s9999||||xx |||||||||||||| ||und||
020 _a84-200-0495-2
082 _a591.15
_bD19
100 _aDALTON, D. C.
245 0 _a INTRODUCCION A LA GENETICA ANIMAL PRACTICA
250 _a0
260 _aESPAÑA
_bACRIBIA S. A
_c1980
300 _a168 pag
_c24 cm
341 _h270.6
490 _v0
_a0
505 _aANIMALES DE GRANJA/BIOLOGIA BASICA/MATABOLISMO/REPRODUCCION/
541 _aC
_bLIBRERIA CIENTIFICA
_d11-Mar-04
_oSoles
650 _aCIENCIAS PURAS
942 _cLIBRO
999 _c22610
_d22610